000 00588nam a2200217Ia 4500
005 20241129110050.0
008 241129s9999||||xx |||||||||||||| ||und||
020 _a978-93-94248-02-1
037 _aTB
040 _aARTS
_beng
_cARTS
041 _aeng
_2eng
084 _aR6 R2
_qARTS
100 _aSharma Sunita Au.
_9677851
245 0 _aGlimpse of Indian Philosophy
_cSharma Sunita Au.
260 _aVaranasi, India
_bKrishna Prakashan
_c2024
300 _a282p.
365 _aINR
_b1150
650 _aIndian Philosophy
942 _cTB
_hR6 R2
999 _c1227170
_d1227170